A research methodology for modelling construction design service costs (Record no. 52611)
[ view plain ]
| 000 -LEADER | |
|---|---|
| fixed length control field | 01232cab a2200265 4500 |
| 001 - CONTROL NUMBER | |
| control field | ABS58130 |
| 008 - FIXED-LENGTH DATA ELEMENTS--GENERAL INFORMATION | |
| fixed length control field | 090401t1997 xxu||||| |||| 00| 0 eng d |
| 035 ## - SYSTEM CONTROL NUMBER | |
| System control number | (Sirsi) u83312 |
| 041 ## - LANGUAGE CODE | |
| Language code of text/sound track or separate title | eng |
| 100 ## - MAIN ENTRY--PERSONAL NAME | |
| Personal name | Price, A. |
| 245 #2 - TITLE STATEMENT | |
| Title | A research methodology for modelling construction design service costs |
| 260 ## - PUBLICATION, DISTRIBUTION, ETC. | |
| Date of publication, distribution, etc. | 1997 |
| 350 ## - PRICE (NR) (BK AM CF MU VM SE) [OBSOLETE] | |
| Price | 0 |
| 490 ## - SERIES STATEMENT | |
| Series statement | Journal of Construction Procurement |
| Volume/sequential designation | 3(3) November 1997, 47-67(21) |
| 520 ## - SUMMARY, ETC. | |
| Summary, etc. | The increased use of fee competition by construction industry clients has caused providers of professional design services to review their fee estimation and cost control approaches. This paper describes the development of a research methodology for a programme of work that was initiated at the request of industrial collaborators and was concerned with the development of a practical system for determining realistic fee estimates for design work using historic cost data. (Taken from journal article abstract). References. |
| 650 ## - SUBJECT ADDED ENTRY--TOPICAL TERM | |
| Topical term or geographic name entry element | COST DATA |
| 650 ## - SUBJECT ADDED ENTRY--TOPICAL TERM | |
| Topical term or geographic name entry element | DESIGN COST ESTIMATION |
| 650 ## - SUBJECT ADDED ENTRY--TOPICAL TERM | |
| Topical term or geographic name entry element | FEE ESTIMATION |
| 650 ## - SUBJECT ADDED ENTRY--TOPICAL TERM | |
| Topical term or geographic name entry element | RESEARCH |
| 690 ## - LOCAL SUBJECT ADDED ENTRY--TOPICAL TERM (OCLC, RLIN) | |
| Topical term or geographic name as entry element | BUILT ENVIRONMENT-BUILDING COSTS |
| 700 ## - ADDED ENTRY--PERSONAL NAME | |
| Personal name | Blackwood, D. |
| 700 ## - ADDED ENTRY--PERSONAL NAME | |
| Personal name | Sarkar, S. |
| 942 ## - ADDED ENTRY ELEMENTS (KOHA) | |
| Suppress in OPAC | 0 |
| 948 ## - LOCAL PROCESSING INFORMATION (OCLC); SERIES PART DESIGNATOR (RLIN) | |
| c (OCLC) | 26/01/1998 |
| Withdrawn status | Lost status | Source of classification or shelving scheme | Damaged status | Not for loan | Home library | Current library | Shelving location | Date acquired | Total Checkouts | Full call number | Barcode | Date last seen | Copy number | Price effective from | Koha item type |
|---|---|---|---|---|---|---|---|---|---|---|---|---|---|---|---|
| Dewey Decimal Classification | London | London | Journal article | 14/09/1999 | ABS58130 | 83312-1001 | 06/08/2019 | 1 | 06/08/2019 | Journal article |